000 00412nam a22001697a 4500
003 MPLRDC
005 20220104124153.0
008 210129b ||||| |||| 00| 0 eng d
082 _a177 WIS
100 _aT.WISEMAN
245 _a金钱与人生
_c郑秋水译
250 _a三版
260 _a
_b远流出版事业股份有限
_c1982
300 _b
650 _a应用心理学
942 _cBK
_o177 WIS
999 _c17195
_d17185